| 000 | 00648nam a2200229Ia 4500 | ||
|---|---|---|---|
| 003 | GCL | ||
| 008 | 140319s9999 xx 000 0 ara d | ||
| 040 |
_aGCL / _cGCL |
||
| 082 | 0 | 4 |
_a960 _bى ت |
| 100 | 1 | _aاليونسكو | |
| 245 | 1 | 0 |
_aتاريخ افريقيا العام : المجلد 1 , 2 , 4 , 7 / _cاليونسكو |
| 700 | 1 | _aزيربو، ج كى | |
| 700 | 1 | _aجمال مختار | |
| 700 | 1 | _aنيانى , ج . ت | |
| 700 | 1 | _aبواهن، ادوا | |
| 300 | _a897 ص | ||
| 490 | _a | ||
| 650 | 0 | 4 | _aالتاريخ |
| 650 | 0 | 4 | _aافريقيا - تاريخ |
| 650 | 0 | 4 | _aافريقيا القديمة |
| 942 |
_2ddc _cBK |
||
| 999 |
_c47881 _d47881 |
||